[Event "Titled Tue 26th Aug Early"]
[Site "chess.com INT"]
[Date "2025.08.26"]
[Round "8"]
[White "Guliev, Gasan"]
[Black "Zdorov, Egor Vit"]
[Result "0-1"]
[WhiteTitle "CM"]
[BlackTitle "CM"]
[WhiteElo "2123"]
[BlackElo "2094"]
[WhiteFideId "34165638"]
[BlackFideId "55688560"]
[EventDate "2025.08.26"]

1. e4 e5 2. Nf3 Nc6 3. Bb5 f5 4. d3 fxe4 5. dxe4 Nf6 6. O-O Bc5 7. Bc4 d6 8. Ng5
Qe7 9. Nc3 h6 10. Nd5 Nxd5 11. Qh5+ Kf8 12. Bxd5 g6 13. Qf3+ Kg7 14. Nf7 Rh7 15.
h4 Be6 16. Bxe6 Qxe6 17. Nxh6 Rxh6 18. Bxh6+ Kxh6 19. c3 Qe7 20. Qg4 Rf8 21. g3
Qf6 22. Kg2 Ne7 23. f4 exf4 24. Rxf4 Qg7 25. Qg5+ Kh7 26. Rxf8 Qxf8 27. Rf1 Qg7
28. h5 Ng8 29. hxg6+ Qxg6 30. Rh1+ Nh6 31. Qe7+ Qg7 32. Qe6 Be3 33. Rf1 Bg5 34.
a4 Qe7 35. Qd5 c6 36. Qd3 Qe5 37. Qf3 Be7 38. Rf2 Kg7 39. Rf1 Qe6 40. Qf4 Bf6
41. Rf2 Ng4 42. Re2 Ne5 43. Re1 Qg4 44. Qxg4+ Nxg4 45. Rf1 Ne3+ 46. Kf2 Nxf1 47.
Kxf1 Be5 48. Ke2 Bxg3 49. Kd3 Be5 50. a5 a6 51. b3 Kf6 52. c4 c5 53. Kc2 Bg3 54.
Kd3 Be1 55. Ke3 Bxa5 56. b4 Bxb4 57. e5+ Kxe5 58. Kd3 Ba5 59. Kc2 Kd4 60. Kb3
Bc7 61. Ka4 Kxc4 62. Ka3 b5 63. Ka2 a5 64. Kb2 a4 65. Ka2 d5 66. Kb2 d4 67. Ka2
b4 68. Kb2 Kb5 69. Ka2 c4 70. Kb2 d3 71. Ka2 b3+ 72. Kb2 Be5+ 73. Ka3 Bd6+ 74.
Kb2 a3+ 75. Kc3 Bb4+ 76. Kd4 d2 77. Ke3 c3 78. Ke4 c2 79. Kf5 b2 80. Ke6 a2 81.
Kf7 d1=Q 82. Ke8 c1=Q 83. Kf7 b1=Q 84. Ke6 a1=Q 85. Kf7 Qd7+ 86. Kg8 Qh8+ 87.
Kxh8 Qh6+ 88. Kg8 Qh8+ 89. Kxh8 Qbh7# 0-1

[Event "Titled Tue 26th Aug Early"]
[Site "chess.com INT"]
[Date "2025.08.26"]
[Round "8"]
[White "Tikhonov, Viacheslav"]
[Black "Berikkyzy Alanna"]
[Result "1-0"]
[WhiteTitle "CM"]
[BlackTitle "WFM"]
[WhiteElo "2183"]
[BlackElo "2162"]
[WhiteFideId "44196407"]
[BlackFideId "13780719"]
[EventDate "2025.08.26"]

1. e4 c5 2. Nf3 Nc6 3. d4 cxd4 4. Nxd4 g6 5. c4 Nf6 6. Nc3 Nxd4 7. Qxd4 d6 8. f3
Bg7 9. Be3 O-O 10. Qd2 Bd7 11. Rc1 a5 12. b3 a4 13. b4 Be6 14. Nd5 Bxd5 15. cxd5
Rc8 16. Bb5 Rxc1+ 17. Qxc1 e6 18. dxe6 fxe6 19. O-O d5 20. Rd1 Qb8 21. exd5 Nxd5
22. Bd4 Bxd4+ 23. Rxd4 Qa7 24. Qc5 b6 25. Qd6 Qf7 26. Bc4 Nc7 27. Qxb6 Kh8 28.
h3 Nd5 29. Bxd5 exd5 30. Qd6 Re8 31. Qxd5 Qf6 32. Qd6 Qf7 33. Kh2 Rf8 34. a3 Re8
35. Re4 Rxe4 36. fxe4 Qc4 37. Qd8+ Kg7 38. Qe7+ Kg8 39. Qd8+ Kg7 40. Qd5 Qc1 41.
Qd4+ Kg8 42. Qd3 Qf4+ 43. Kg1 Qc1+ 44. Kf2 Qf4+ 45. Ke2 Qc7 46. Qd5+ Kg7 47. Kd2
Qf4+ 48. Kc3 Qc1+ 49. Kd4 Qb2+ 50. Kc5 Qxa3 51. Qd4+ Kg8 52. Kd6 Qg3+ 53. e5 a3
54. Kd7 a2 55. e6 Qe1 56. e7 a1=Q 57. Qxa1 Qxa1 58. e8=Q+ Kg7 59. Qe7+ Kg8 60.
Qe6+ Kg7 61. Qd6 Qa7+ 62. Qc7 Qd4+ 63. Kc8+ Kh6 64. b5 Qa4 65. b6 Qa8+ 66. Kd7
Qd5+ 67. Ke7 Qg5+ 68. Ke8 Qe3+ 69. Kd8 Qd4+ 70. Kc8 Qa4 71. b7 Qa6 72. Kd7 Qd3+
73. Qd6 Qb5+ 74. Qc6 Qd3+ 75. Kc7 Qxh3 76. gxh3 1-0

[Event "Titled Tue 26th Aug Early"]
[Site "chess.com INT"]
[Date "2025.08.26"]
[Round "8"]
[White "Grot, Blazej"]
[Black "Zlatin, Alexander"]
[Result "0-1"]
[WhiteTitle "CM"]
[BlackTitle "FM"]
[WhiteElo "2207"]
[BlackElo "2264"]
[WhiteFideId "21835845"]
[BlackFideId "2810549"]
[EventDate "2025.08.26"]

1. e4 e5 2. Nf3 Nc6 3. Bb5 Nd4 4. Nxd4 exd4 5. O-O c6 6. Bc4 Nf6 7. d3 d5 8.
exd5 Nxd5 9. Re1+ Be6 10. Nd2 Be7 11. Nf3 Bf6 12. Re4 Qb6 13. a4 O-O 14. a5 Qc5
15. Bg5 Bxg5 16. Nxg5 Bf5 17. Re5 Bg6 18. h4 Qd6 19. Re1 h6 20. Nf3 Bh5 21. Re4
Nf6 22. Rxd4 Qxd4 23. Nxd4 Bxd1 24. Rxd1 Rad8 25. Nb3 b5 26. axb6 axb6 27. d4
Rfe8 28. c3 b5 29. Bd3 Nd5 30. Nc5 Nf4 31. Bf1 g5 32. hxg5 hxg5 33. g3 Nd5 34.
Kg2 Kg7 35. Bd3 Rd6 36. Ne4 Rg6 37. Nc5 Rh6 38. Ne4 g4 39. Nd2 Reh8 40. Nf1 Ra8
41. Re1 Re6 42. Rb1 b4 43. c4 Nf6 44. Ne3 b3 45. Rc1 Ra2 46. Rb1 Kf8 47. c5 Ne4
48. Bc4 Re8 49. Bxb3 Ra5 50. Bc2 Nd2 51. Rh1 Kg7 52. Nf5+ Kf6 53. Nd6 Re2 54.
Bd3 Re7 55. Rh6+ Kg5 56. Rh7 Kf6 57. Nf5 Re8 58. Ne3 Rxe3 59. fxe3 Ra2 60. Rh6+
Ke7 61. Rxc6 Rxb2 62. Rc7+ Kd8 63. Be2 Kxc7 64. d5 Ne4 65. Kf1 Rb1+ 66. Kg2 Rb2
67. Kf1 Nxg3+ 68. Kf2 Nxe2 69. e4 Kd7 70. Ke3 g3 71. Kf3 g2 72. Kxg2 Nd4+ 73.
Kg3 Rc2 74. Kf4 Rxc5 75. Ke5 Rc4 76. Kf6 Nb5 77. e5 Nd6 78. exd6 Kxd6 79. Kxf7
Kxd5 80. Kf6 Re4 81. Kf5 Re3 82. Kf4 Kd4 83. Kf5 Re4 84. Kf6 Re5 85. Kf7 Kd5 86.
Kf6 Kd6 87. Kf7 Re6 88. Kf8 Re7 89. Kg8 Ke6 90. Kh8 Kf6 91. Kg8 Rd7 92. Kf8 Rd8# 0-1

[Event "Titled Tue 26th Aug Early"]
[Site "chess.com INT"]
[Date "2025.08.26"]
[Round "8"]
[White "Punin, Andrii"]
[Black "Sava, Robert-Gabriel"]
[Result "1/2-1/2"]
[WhiteTitle "FM"]
[BlackTitle "CM"]
[WhiteElo "2289"]
[BlackElo "2121"]
[WhiteFideId "14112639"]
[BlackFideId "1265725"]
[EventDate "2025.08.26"]

1. e4 e6 2. d4 d5 3. exd5 exd5 4. Nf3 Nf6 5. Bd3 Be7 6. O-O O-O 7. Bg5 c5 8.
dxc5 Bxc5 9. Nc3 Nc6 10. Bxf6 Qxf6 11. Nxd5 Qxb2 12. Ng5 h6 13. Qh5 Qe5 14. Bh7+
Kh8 15. Nxf7+ Rxf7 16. Qxf7 Kxh7 17. Rae1 Qg5 18. h4 Qg6 19. Qxg6+ Kxg6 20. Re8
Kf7 21. Rfe1 Rb8 22. c3 Be6 23. R8xe6 Rd8 24. c4 Na5 25. R6e2 Nxc4 26. Nf4 Rc8
27. h5 b5 28. g3 a5 29. Kg2 a4 30. Rd1 Rc7 31. Ne6 Re7 32. Nd8+ Ke8 33. Rxe7+
Bxe7 34. Nc6 Bd6 35. Rb1 Kd7 36. Nd4 b4 37. Nc2 b3 38. axb3 Nd2 39. Rd1 Nxb3 40.
Nd4 Nxd4 41. Rxd4 a3 42. Ra4 Kc6 43. Kf3 Kb5 44. Ra8 Bb4 45. Ke4 Ba5 46. Rb8+
Ka4 47. Rb1 a2 48. Ra1 Kb3 49. Kf5 Bc3 50. Rxa2 Kxa2 51. f4 Kb3 52. g4 Bd2 53.
g5 Kc4 54. gxh6 gxh6 55. Ke4 Kc5 56. f5 Kd6 57. f6 Ke6 58. Kf3 Kxf6 59. Kg4 Bc1
60. Kf3 Kg5 61. Kg3 Kxh5 62. Kh3 Kg5 63. Kg3 h5 64. Kh3 h4 65. Kg2 Bf4 66. Kh1
Kg4 67. Kg2 Bg3 68. Kh1 h3 69. Kg1 Kf3 70. Kh1 Bc7 71. Kg1 Kg4 72. Kh1 Kh4 73.
Kg1 Bb6+ 74. Kh1 Ba7 75. Kh2 Kg4 76. Kh1 Kf3 77. Kh2 Kg4 78. Kh1 Bb6 79. Kh2
Bc7+ 80. Kh1 Bd8 81. Kg1 Be7 82. Kh1 Bf6 83. Kh2 Bg5 84. Kh1 Bh4 85. Kh2 Bg3+
86. Kh1 Be1 87. Kh2 Ba5 88. Kh1 Bd8 89. Kh2 Bh4 90. Kh1 Bg3 91. Kg1 h2+ 92. Kh1
Bc7 93. Kg2 Kf5 94. Kh1 Ke6 95. Kg2 Kd7 96. Kh1 Kc8 97. Kg2 Kb8 98. Kh1 Kb7 99.
Kg2 Ka6 100. Kh1 Ka5 101. Kg2 Ka4 102. Kh1 Ka3 103. Kg2 Ka2 104. Kh1 Ka1 105.
Kg2 Kb1 106. Kh1 Kb2 107. Kg2 Kb3 108. Kh1 Kb4 109. Kg2 Kb5 110. Kh1 Kb6 111.
Kg2 Kb7 112. Kh1 Kb8 113. Kg2 Kc8 114. Kh1 Kd8 115. Kg2 Ke8 116. Kh1 Kf8 117.
Kg2 Kg8 118. Kh1 Kh8 119. Kg2 Kh7 120. Kh1 Kg7 121. Kg2 Kf7 122. Kh1 Ke7 123.
Kg2 Kd7 124. Kh1 Ke7 125. Kg2 Ke6 126. Kh1 Kf6 127. Kg2 Kg6 128. Kh1 Kh6 129.
Kg2 Kh5 130. Kh1 Kg5 131. Kg2 Kf5 132. Kh1 Kg4 133. Kg2 Kf5 1/2-1/2

[Event "Titled Tue 26th Aug Early"]
[Site "chess.com INT"]
[Date "2025.08.26"]
[Round "8"]
[White "Fellowes, Billy"]
[Black "Solovchuk, Oleksiy"]
[Result "1-0"]
[WhiteTitle "CM"]
[WhiteElo "2122"]
[BlackElo "2303"]
[WhiteFideId "483540"]
[BlackFideId "14115220"]
[EventDate "2025.08.26"]

1. d4 Nf6 2. Nc3 d5 3. Bf4 e6 4. Nb5 Na6 5. e3 Bd7 6. Nc3 c5 7. Nf3 Be7 8. dxc5
Nxc5 9. Be2 O-O 10. O-O Rc8 11. a3 Na4 12. Nxa4 Bxa4 13. b3 Bc6 14. Ne5 Ne4 15.
Bd3 Bf6 16. c4 Be8 17. Bxe4 dxe4 18. Qxd8 Bxd8 19. f3 f6 20. Ng4 e5 21. Bg3 Bh5
22. h3 exf3 23. gxf3 a5 24. Rac1 Be7 25. a4 Rfd8 26. Rfd1 Ba3 27. Rb1 Bc5 28.
Bf2 e4 29. f4 Kf7 30. Kf1 Ke6 31. Rxd8 Rxd8 32. Ke1 Kf5 33. Nh2 Bb4+ 34. Kf1 Rd3
35. Kg2 h6 36. Nf1 Bf3+ 37. Kg1 g5 38. Ng3+ Ke6 39. fxg5 hxg5 40. Kf1 Bd2 41.
Ne2 Bxe3 42. Bxe3 Rxe3 43. Nd4+ Ke5 44. Nxf3+ Rxf3+ 45. Kg2 f5 46. b4 axb4 47.
Rxb4 Rc3 48. Rxb7 Kf4 49. Rb2 Rxc4 50. Ra2 e3 51. a5 Ke4 52. a6 Rc8 53. a7 Ra8
54. Ra4+ Kd3 55. Ra3+ Kd2 56. Kf3 f4 57. Ra2+ Kc3 58. Ra3+ Kb4 59. Ra2 Kb5 60.
Rg2 Kc4 61. Rxg5 Rxa7 62. Kxf4 Kd4 63. Rg8 Rf7+ 64. Kg3 e2 65. Rd8+ Ke3 66. Re8+
Kd2 67. Rd8+ Ke1 68. h4 Kf1 69. Re8 Rg7+ 70. Kf4 Rf7+ 71. Kg5 e1=Q 72. Rxe1+
Kxe1 73. Kg6 Ra7 74. h5 Ra6+ 75. Kg7 Ra5 76. h6 Ra6 77. h7 Ra7+ 78. Kg6 1-0

[Event "Titled Tue 26th Aug Early"]
[Site "chess.com INT"]
[Date "2025.08.26"]
[Round "8"]
[White "Dubnevych, Maksym"]
[Black "Krysa, Leandro"]
[Result "1/2-1/2"]
[WhiteTitle "FM"]
[BlackTitle "GM"]
[WhiteElo "2296"]
[BlackElo "2468"]
[WhiteFideId "14184001"]
[BlackFideId "116807"]
[EventDate "2025.08.26"]

1. Nc3 d5 2. e4 c6 3. d4 dxe4 4. Nxe4 Nf6 5. Nxf6+ exf6 6. Be3 Bf5 7. h4 Bd6 8.
h5 h6 9. Bd3 O-O 10. c3 Bxd3 11. Qxd3 Na6 12. Nf3 Nc7 13. Nh4 Re8 14. Nf5 Nd5
15. O-O Bf4 16. Bxf4 Nxf4 17. Qf3 Ne6 18. Qg4 Kh8 19. Rae1 Rg8 20. Re3 Qd7 21.
Nh4 Qd5 22. Nf5 Qxa2 23. Nd6 Raf8 24. Nxb7 Qxb2 25. Nd6 a5 26. Nxf7+ Rxf7 27.
Qxe6 Ra7 28. Rfe1 Qb7 29. Qa2 Qd7 30. Re7 Qxe7 31. Rxe7 Rxe7 32. Qxa5 Re6 33.
Qc7 Rge8 34. Kh2 f5 35. f3 Rf6 36. c4 f4 37. Qd7 Re2 38. Kh3 Rd2 39. Qe8+ Kh7
40. Qe4+ Kh8 41. c5 Rd1 42. Kg4 Rd2 43. Kh3 Rd1 44. Kh2 Rd2 45. Qe5 Rd1 46. Qb8+
Kh7 47. Qb2 Kh8 48. Kh3 Rh1+ 49. Kg4 Rd1 50. Qb8+ Kh7 51. Qb4 Kh8 52. Qc4 Rd2
53. Kh3 Rd1 54. Qc3 Rh1+ 55. Kg4 Rg1 56. Qd2 Ra1 57. d5 cxd5 58. Qxd5 Ra7 59. c6
Ra8 60. c7 Rff8 61. Qd7 Rac8 62. Kh4 Rce8 63. Kh3 Rc8 64. Kh2 Ra8 65. Kg1 Ra1+
66. Kf2 Raa8 67. Ke2 Rae8+ 68. Kd3 Kg8 69. Kd4 Ra8 70. Kc5 Ra5+ 71. Kb6 Raa8 72.
Kb7 Rae8 73. Kc6 Kh8 74. Qd4 Kg8 75. Kd7 Kh8 76. Qc4 Rc8 77. Qe6 Ra8 78. Qe7
Rac8 79. Kd6 Ra8 80. Kc6 Rac8 81. Qd7 Ra8 82. Kb7 Rae8 83. c8=Q Rxc8 84. Qxc8
Rxc8 85. Kxc8 g6 86. Kd7 Kg7 87. Ke6 gxh5 88. Kf5 Kf7 89. Kxf4 Kf6 90. Kg3 Kg5
91. Kh3 h4 92. Kh2 Kf4 93. Kh3 Kg5 94. Kh2 Kf4 95. Kh3 Kg5 1/2-1/2

[Event "Titled Tue 26th Aug Early"]
[Site "chess.com INT"]
[Date "2025.08.26"]
[Round "8"]
[White "Donoso Aguirre, Maximiliano"]
[Black "Mohmad Bashiq Imrose"]
[Result "1/2-1/2"]
[WhiteTitle "CM"]
[BlackTitle "CM"]
[WhiteElo "1978"]
[BlackElo "2120"]
[WhiteFideId "3458920"]
[BlackFideId "25654489"]
[EventDate "2025.08.26"]

1. e4 c6 2. Nc3 d5 3. Nf3 g6 4. d4 dxe4 5. Nxe4 Bg7 6. Bc4 Nf6 7. Nxf6+ exf6 8.
O-O O-O 9. h3 Nd7 10. c3 Nb6 11. Bb3 Bf5 12. Re1 Qd7 13. Bf4 Rfe8 14. Qd2 Be4
15. Nh2 Nd5 16. Bg3 Re6 17. f3 Bf5 18. Bf2 Rae8 19. g4 Rxe1+ 20. Bxe1 Be6 21.
Bg3 f5 22. Re1 f4 23. Bxf4 Nxf4 24. Qxf4 Bxb3 25. Rxe8+ Qxe8 26. axb3 Qe2 27.
Qb8+ Bf8 28. Qxb7 Bd6 29. Qc8+ Kg7 30. Nf1 Qxf3 31. Qd7 Bf4 32. Qe7 Qxh3 33. Qe2
h5 34. gxh5 g5 35. Qg2 Qxh5 36. Qxc6 Qe2 37. Qg2 Qd1 38. b4 Be3+ 39. Kh1 Bf4 40.
d5 g4 41. Qf2 Be5 42. Kg2 Qxd5+ 43. Kg1 g3 44. Nxg3 Qd1+ 45. Nf1 Qg4+ 46. Qg2
Qxg2+ 47. Kxg2 Kf6 48. Kf3 Ke6 49. Ke4 f5+ 50. Kd3 Bf4 51. Nd2 Bxd2 52. Kxd2 Kd5
53. b3 Ke4 54. Ke2 a6 55. c4 Kd4 56. c5 Kd5 57. Kf3 Ke5 58. Ke3 Kd5 59. Kf4 Ke6
60. Ke3 Ke5 61. Kd3 f4 62. Ke2 Kd5 63. Kf3 Ke5 64. Kf2 Kd5 65. Kg2 Ke5 66. Kf3
Kf5 67. c6 Ke6 68. Kxf4 Kd6 69. Ke4 Kxc6 70. Kd4 Kb5 71. Kc3 a5 72. bxa5 Kxa5
73. Kc4 Ka6 74. Kb4 Kb6 75. Kc4 Kc6 76. Kc3 Kc5 77. b4+ Kb5 78. Kb3 Kb6 79. Kc4
Kc6 80. b5+ Kb6 81. Kb4 Kb7 82. Kc5 Kc7 83. Kb4 Kb7 84. Ka4 Kb6 85. Kb4 Kb7 1/2-1/2

[Event "Titled Tue 26th Aug Early"]
[Site "chess.com INT"]
[Date "2025.08.26"]
[Round "8"]
[White "Svane, Rasmus"]
[Black "Gabrielian, Artur"]
[Result "1-0"]
[WhiteTitle "GM"]
[BlackTitle "GM"]
[WhiteElo "2619"]
[BlackElo "2407"]
[WhiteFideId "4657101"]
[BlackFideId "4131002"]
[EventDate "2025.08.26"]

1. Nf3 Nf6 2. g3 e6 3. Bg2 d5 4. O-O Be7 5. c4 O-O 6. b3 d4 7. e3 c5 8. Ne5 Qc7
9. f4 Nfd7 10. Nd3 Nc6 11. Bb2 a5 12. Na3 Rd8 13. Nb5 Qb8 14. Kh1 Ra6 15. Qe2 a4
16. exd4 cxd4 17. Nxd4 Nxd4 18. Bxd4 Bf6 19. Bxf6 Nxf6 20. Nc5 Rad6 21. Rad1
axb3 22. Nxb3 b6 23. d4 Ba6 24. Rc1 h6 25. Rfd1 Bb7 26. Kg1 Bxg2 27. Kxg2 h5 28.
Qf3 Qa7 29. Rc2 Qd7 30. Rcd2 Qa4 31. Rc2 Rc8 32. Rdc1 Rdc6 33. Qe2 Qa8 34. Qf3
Qa4 35. Qe2 Qa8 36. Kg1 R6c7 37. Nd2 Qa3 38. Nf3 Ng4 39. h3 Nh6 40. Kf2 Nf5 41.
g4 hxg4 42. hxg4 Nd6 43. Kg2 Qa8 44. c5 bxc5 45. dxc5 Ne4 46. c6 Nf6 47. Ne5 Ra7
48. Rh1 Nd5 49. Qe4 Nf6 50. Qe2 Ra3 51. Rh3 Nd5 52. Rxa3 Qxa3 53. Kh2 Nxf4 54.
Qf3 Qb4 55. Rf2 g5 56. Nd3 Qd6 57. Nxf4 gxf4 58. Rc2 e5 59. Kg2 Qd4 60. c7 Qd6
61. Qb7 Qd7 62. Kh2 f3 63. Kg3 e4 64. Qxe4 Rxc7 65. Rxc7 Qxc7+ 66. Kxf3 Qc3+ 67.
Qe3 Qc6+ 68. Kg3 Qd6+ 69. Kh3 Qd1 70. a3 Qa1 71. Kg3 Kf8 72. g5 Kg8 73. Kf4 Qf1+
74. Ke5 Qb5+ 75. Kd6 Qb8+ 76. Kc6 Qa8+ 77. Kb5 Qd5+ 78. Qc5 Qb3+ 79. Ka5 Kg7 80.
a4 Qd1 81. Qe5+ Kg6 82. Qf6+ Kh5 83. Qxf7+ Kxg5 84. Qe7+ Kf5 85. Qc5+ Ke6 86.
Qc6+ Ke7 87. Qc7+ Ke6 88. Qc6+ Ke7 89. Ka6 Qe2+ 90. Kb7 Qb2+ 91. Ka8 Qb4 92.
Qc7+ Ke6 93. a5 Qe4+ 94. Ka7 Kf6 95. Qd6+ Kf5 96. a6 Qe3+ 97. Ka8 Qe4+ 98. Kb8
Qb1+ 99. Kc7 Qc2+ 100. Kb6 Qf2+ 101. Qc5+ 1-0

[Event "Titled Tue 26th Aug Early"]
[Site "chess.com INT"]
[Date "2025.08.26"]
[Round "8"]
[White "Bachmann, Axel"]
[Black "Tang, Andrew"]
[Result "1-0"]
[WhiteTitle "GM"]
[BlackTitle "GM"]
[WhiteElo "2578"]
[BlackElo "2538"]
[WhiteFideId "3700488"]
[BlackFideId "2059630"]
[EventDate "2025.08.26"]

1. Nf3 d5 2. e3 Nf6 3. c4 e6 4. b3 b6 5. Bb2 Bb7 6. Nc3 Nbd7 7. Rc1 a6 8. cxd5
exd5 9. Ne2 Bd6 10. Ned4 g6 11. Nc6 Qc8 12. g3 O-O 13. Bg2 Re8 14. Bh3 Ne4 15.
O-O Nec5 16. Nce5 Qd8 17. Ng4 Nd3 18. Qc2 Nxb2 19. Qxb2 Bf8 20. d4 Bg7 21. Rfd1
c5 22. Nfe5 Nf8 23. f4 Qe7 24. Bg2 Rad8 25. Qd2 f6 26. Nd3 Bc8 27. Ngf2 Ne6 28.
dxc5 bxc5 29. Qa5 c4 30. bxc4 dxc4 31. Rxc4 Nf8 32. Re4 Qf7 33. Rxe8 Rxe8 34. e4
Ne6 35. Rc1 Nd4 36. Kh1 Be6 37. Qxa6 Bxa2 38. e5 fxe5 39. Ne4 Bd5 40. fxe5 Ne2
41. Rf1 Qe6 42. Qxe6+ Bxe6 43. Nf6+ Bxf6 44. exf6 Nd4 45. Ne5 Nf5 46. f7+ Bxf7
47. Nxf7 Kxf7 48. g4 Kf6 49. gxf5 gxf5 50. Kg1 Kg5 51. Bf3 Re3 52. Kf2 Ra3 53.
Rd1 Ra2+ 54. Kg3 Ra4 55. Rd5 h5 56. Rc5 h4+ 57. Kf2 Ra2+ 58. Be2 Ra4 59. Bd3
Rf4+ 60. Ke3 Kg4 61. Rc8 Rf3+ 62. Ke2 Rh3 63. Rg8+ Kf4 64. Rg2 Re3+ 65. Kd2 Rf3
66. Ke2 Re3+ 67. Kd2 Rf3 68. Be2 Ra3 69. Rf2+ Ke4 70. Bd1 f4 71. Bc2+ Ke5 72.
Re2+ Kf6 73. Rf2 Kg5 74. Rg2+ Kh5 75. Rg8 Rh3 76. Bd1+ f3 77. Ke3 Rxh2 78. Kf4
Kh6 79. Bxf3 Rb2 80. Rh8+ Kg7 81. Rxh4 Rb6 82. Be4 Rh6 83. Rg4+ Kf6 84. Rg1 Rh4+
85. Ke3 Ke5 86. Rg5+ Kf6 87. Ra5 Rh8 88. Kf4 Rh4+ 89. Kf3 Rh3+ 90. Kg4 Rh8 91.
Rc5 Ke6 92. Kf4 Rh4+ 93. Ke3 Rh8 94. Kd4 Rd8+ 95. Bd5+ Kf5 96. Rc1 Rh8 97. Rf1+
Kg5 98. Ke5 Rh4 99. Be6 Rh2 100. Rg1+ Kh6 101. Rg8 Re2+ 102. Kf6 Kh7 103. Rg3
Rh2 104. Bf5+ Kh8 105. Rc3 Rg2 106. Rh3+ Kg8 107. Be6+ Kf8 108. Rh8+ Rg8 109.
Rxg8# 1-0

[Event "Titled Tue 26th Aug Early"]
[Site "chess.com INT"]
[Date "2025.08.26"]
[Round "9"]
[White "Mesquita, Eduardo Barbosa"]
[Black "Gavarrete, Nahun"]
[Result "0-1"]
[BlackTitle "FM"]
[WhiteElo "2060"]
[BlackElo "2281"]
[WhiteFideId "22757163"]
[BlackFideId "8400709"]
[EventDate "2025.08.26"]

1. e4 e5 2. Nf3 Nc6 3. Bc4 Be7 4. O-O Nf6 5. Re1 Nxe4 6. d4 d5 7. Bb5 exd4 8.
Qxd4 O-O 9. Bxc6 bxc6 10. c4 Bc5 0-1

[Event "Titled Tue 26th Aug Early"]
[Site "chess.com INT"]
[Date "2025.08.26"]
[Round "9"]
[White "Krsnik Cohar, Ivan Vihor"]
[Black "Dinesh, Rajan M"]
[Result "1-0"]
[WhiteTitle "FM"]
[BlackTitle "CM"]
[WhiteElo "2362"]
[BlackElo "2206"]
[WhiteFideId "14520044"]
[BlackFideId "35060600"]
[EventDate "2025.08.26"]

1. d4 d5 2. Bf4 c5 3. e3 Nf6 4. c3 g6 5. Nd2 Bg7 6. Bd3 O-O 7. Ngf3 Nc6 8. O-O
Nh5 9. Bg5 cxd4 10. exd4 Bf5 11. Bxf5 gxf5 12. Re1 Qd6 13. Ne5 Nxe5 14. dxe5 Qg6
15. Bxe7 Rfe8 16. Bd6 Nf4 17. Qf3 Nd3 18. Qxd3 Rad8 19. Nf3 f4 20. Rad1 Re6 21.
Qxg6 hxg6 22. Rxd5 g5 23. Nxg5 Ree8 24. Nf3 1-0

[Event "Titled Tue 26th Aug Early"]
[Site "chess.com INT"]
[Date "2025.08.26"]
[Round "9"]
[White "Zouaghi, Amir"]
[Black "Kuznetsov, Felix"]
[Result "0-1"]
[WhiteTitle "FM"]
[BlackTitle "FM"]
[WhiteElo "2301"]
[BlackElo "2171"]
[WhiteFideId "249262"]
[BlackFideId "34147990"]
[EventDate "2025.08.26"]

1. d4 Nf6 2. Nf3 e6 3. g3 b5 4. Bg2 Bb7 5. O-O Be7 6. b3 O-O 7. Bb2 c5 8. e3 d5
9. Qe2 c4 10. a4 a6 11. axb5 axb5 12. Rxa8 Bxa8 13. Nbd2 Nc6 14. bxc4 bxc4 15.
e4 Qb6 16. Bc3 Bb4 17. Bxb4 Nxb4 18. e5 Ne4 19. Rb1 Nc3 20. Qe1 Nxb1 21. Qxb1
Rb8 22. Ne1 Qxd4 0-1

[Event "Titled Tue 26th Aug Early"]
[Site "chess.com INT"]
[Date "2025.08.26"]
[Round "9"]
[White "Silwal, Purushottam"]
[Black "Gilfanov, Marat I"]
[Result "1-0"]
[WhiteTitle "CM"]
[BlackTitle "FM"]
[WhiteElo "2129"]
[BlackElo "2304"]
[WhiteFideId "12332313"]
[BlackFideId "34372164"]
[EventDate "2025.08.26"]

1. e4 c5 2. Nf3 e6 3. d4 cxd4 4. Nxd4 Nf6 5. Nc3 Nc6 6. Nxc6 bxc6 7. e5 Nd5 8.
Ne4 Qc7 9. f4 Qb6 10. c4 Bb4+ 11. Ke2 f5 12. exf6 Nxf6 13. Be3 Qd8 14. Nd6+ Bxd6
15. Qxd6 Bb7 16. Rd1 Rc8 17. Rg1 c5 18. g4 Rf8 19. Bg2 Bxg2 20. Rxg2 Qb6 21. b3
Rc6 22. Qd3 d5 23. cxd5 exd5 24. Kf1 Rd6 25. Qc2 Ne4 26. Rxd5 1-0

[Event "Titled Tue 26th Aug Early"]
[Site "chess.com INT"]
[Date "2025.08.26"]
[Round "9"]
[White "Schnaider, Ilan"]
[Black "Skliarov, Viktor"]
[Result "1-0"]
[WhiteTitle "IM"]
[BlackTitle "IM"]
[WhiteElo "2386"]
[BlackElo "2334"]
[WhiteFideId "169013"]
[BlackFideId "14106736"]
[EventDate "2025.08.26"]

1. e4 c5 2. Nf3 Nc6 3. Bc4 e6 4. c3 Nf6 5. d3 d5 6. exd5 exd5 7. Bb5 Bd7 8. O-O
Be7 9. Re1 O-O 10. Bf4 a6 11. Ba4 b5 12. Bc2 d4 13. Nbd2 Nh5 14. Be5 Nxe5 15.
Rxe5 g6 16. Ne4 Bg4 17. h3 Bxf3 18. Qxf3 Rc8 19. Re1 Nf6 20. Rxe7 Nd5 21. Re5 1-0

[Event "Titled Tue 26th Aug Early"]
[Site "chess.com INT"]
[Date "2025.08.26"]
[Round "9"]
[White "Tang, Andrew"]
[Black "Dyachuk, Artem"]
[Result "1-0"]
[WhiteTitle "GM"]
[BlackTitle "FM"]
[WhiteElo "2538"]
[BlackElo "2298"]
[WhiteFideId "2059630"]
[BlackFideId "34107924"]
[EventDate "2025.08.26"]

1. d4 Nf6 2. c4 e6 3. Nc3 Bb4 4. Qc2 d5 5. cxd5 exd5 6. Bg5 h6 7. Bh4 Nc6 8. e3
g5 9. Bg3 Ne4 10. Bd3 Qe7 11. Ne2 h5 12. Bxe4 dxe4 13. d5 Ne5 14. Bxe5 1-0

[Event "Titled Tue 26th Aug Early"]
[Site "chess.com INT"]
[Date "2025.08.26"]
[Round "9"]
[White "Aarav Sarbalia"]
[Black "Chassard, Cedric"]
[Result "1-0"]
[WhiteTitle "FM"]
[BlackTitle "FM"]
[WhiteElo "2232"]
[BlackElo "2208"]
[WhiteFideId "33382859"]
[BlackFideId "16243536"]
[EventDate "2025.08.26"]

1. e4 e5 2. Nf3 Nf6 3. Nxe5 Nxe4 4. Qe2 Qe7 5. Qxe4 d6 6. d4 dxe5 7. dxe5 Nc6 8.
Bb5 Bd7 9. O-O Qxe5 10. Bxc6 Bd6 11. Qxe5+ Bxe5 12. Bxb7 1-0

[Event "Titled Tue 26th Aug Early"]
[Site "chess.com INT"]
[Date "2025.08.26"]
[Round "9"]
[White "Gbiorczyk, Mikolaj"]
[Black "Ono, David"]
[Result "1-0"]
[WhiteTitle "CM"]
[WhiteElo "2070"]
[BlackElo "2110"]
[WhiteFideId "21080763"]
[BlackFideId "146943"]
[EventDate "2025.08.26"]

1. d4 d5 2. Nc3 c6 3. Bf4 Nf6 4. e3 Bf5 5. f3 h6 6. g4 Bh7 7. Bd3 e6 8. Bxh7
Nxh7 9. h4 Bd6 10. Nge2 g5 11. hxg5 hxg5 12. Bxd6 Qxd6 13. Qd3 f5 14. gxf5 Qe7
15. fxe6 Na6 16. Qg6+ Kd8 17. Ng3 Qe8 18. e7+ Kc7 19. Qe6 g4 20. Nf5 Kb6 21. Nd6
Qg8 22. Qxg8 Re8 1-0

[Event "Titled Tue 26th Aug Early"]
[Site "chess.com INT"]
[Date "2025.08.26"]
[Round "9"]
[White "Gustafsson, Jan"]
[Black "Brilej, Jaka"]
[Result "1-0"]
[WhiteTitle "GM"]
[BlackTitle "FM"]
[WhiteElo "2591"]
[BlackElo "2334"]
[WhiteFideId "4625498"]
[BlackFideId "14618818"]
[EventDate "2025.08.26"]

1. d4 Nf6 2. c4 e6 3. Nc3 Bb4 4. Qc2 d6 5. Bg5 Nbd7 6. e3 h6 7. Bh4 e5 8. Bd3
O-O 9. Ne2 Qe7 10. O-O c6 11. a3 Ba5 12. Ng3 Re8 13. Rad1 Bc7 14. f4 exf4 15.
exf4 Qe3+ 16. Kh1 Nf8 17. Bxf6 gxf6 18. Nh5 Bd8 19. Ne4 Nh7 20. Nxd6 1-0

[Event "Titled Tue 26th Aug Early"]
[Site "chess.com INT"]
[Date "2025.08.26"]
[Round "9"]
[White "Nepomniachtchi, Ian"]
[Black "Ibarra Jerez, Jose Carlos"]
[Result "1-0"]
[WhiteTitle "GM"]
[BlackTitle "GM"]
[WhiteElo "2742"]
[BlackElo "2545"]
[WhiteFideId "4168119"]
[BlackFideId "2226332"]
[EventDate "2025.08.26"]

1. d4 Nf6 2. c4 d6 3. Nf3 g6 4. Nc3 Bf5 5. g3 Ne4 6. Bg2 Nxc3 7. bxc3 Be4 8. O-O
Bg7 9. Bh3 b6 10. Ng5 Bb7 11. d5 Bxc3 12. Be3 O-O 13. Bd4 Bxd4 14. Qxd4 e5 15.
Qh4 h5 16. f4 f5 17. fxe5 dxe5 18. e4 Bc8 19. exf5 Bxf5 20. Bxf5 Rxf5 21. Rxf5
gxf5 22. Qxh5 Qe7 23. Qg6+ Qg7 24. Qxg7+ 1-0